Échelle de mots : de rien à tout - Statistiques

Statistiques générales
  • Ce quiz a été pris 672 fois
  • Le résultat moyen est 12 sur 20
Statistiques - réponses
Hint Réponse % Correct
Néant Rien
99%
La totale Tout
88%
Attache Lien
85%
Félin Lion
82%
Couvre la maison Toit
82%
Regarde Voit
71%
Chemin Voie
67%
Tissu Soie
65%
Bruit Son
64%
Chanteuse Dion
61%
Cadeau (enlever une lettre) Don
59%
Règles Loi
52%
Pièce Sou
52%
Croyances Foi
47%
Passe de tête en tête Pou
47%
Muet Coi
35%
Angle (ajouter une lettre) Coin
32%
Récipient Pot
32%
Attention Soin
30%
Le 46 Lot
26%
Aucun quiz correspondant
Distribution des résultats
% des personnes avec chaque résultat
Percentile par nombre de réponses
Votre historique - résultats
Vous n’avez pas pris ce quiz